[Event "ESP-chT CECLUB Div1"]
[Site "Linares"]
[Date "2020.10.05"]
[Round "3.6"]
[White "Gracia Laguens, Asuncion"]
[Black "Hernandez Estevez, Yudania"]
[Result "0-1"]
[WhiteElo "1414"]
[BlackElo "2197"]
[PlyCount "52"]
[EventDate "2020.10.03"]
[EventType "team-tourn"]
[EventRounds "7"]
[EventCountry "ESP"]
[SourceTitle "CBM 198 Extra"]
[Source "ChessBase"]
[SourceDate "2020.11.30"]
[SourceVersion "1"]
[SourceVersionDate "2020.11.30"]
[SourceQuality "1"]
[WhiteTeam "Stadium Casablanca"]
[BlackTeam "Ourense Deportivo"]
[WhiteTeamCountry "ESP"]
[BlackTeamCountry "ESP"]

1. e4 d6 2. c4 Nf6 3. Nc3 g6 4. g3 c5 5. Bg2 Nc6 6. Nge2 Bg7 7. d3 Nd4 8. 0-0 0-0 9. Be3 e5 10. h3 Rb8 11. Bxd4 cxd4 12. Nd5 Nxd5 13. cxd5 f5 14. f4 Qb6 15. Qb3 Qxb3 16. axb3 fxe4 17. dxe4 Bd7 18. Rf2 a6 19. Bf1 Bh6 20. Rd1 Rbc8 21. Rc1 Bb5 22. Rxc8 Rxc8 23. fxe5 dxe5 24. Rf6 Bg5 25. Re6 d3 26. Nc3 Rxc3 0-1